Jersey Numbers - Statistics

General Stats
  • This quiz has been taken 171 times
  • The average score is 22 of 50
Answer Stats
Athletes Jersey Number % Correct
Orr, Gehrig, Favre 4
90%
Jordan, James, Beckham 23
86%
Mantle, Esposito, Elway 7
71%
Chamberlain, Datsyuk, Marino 13
69%
Abdul-Jabbar, Roy, Bird 33
69%
Gretzky, Watt, Sapp 99
69%
Howe, Brees, Richard 9
68%
Starr, Carter, Mahomes 15
64%
Ruth, Iverson, Wade 3
61%
Ovechkin, Aikman, Ripken Jr 8
61%
Rice, Carter, Largent 80
61%
Malone, Jeter, Harvey 2
59%
DiMaggio, Lindstrom, Garnett 5
59%
Mays, Bryant, Chelios 24
58%
Montana, Hull, Clarke 16
56%
Manning, Damon, Savard 18
56%
Sharpe, Webber, Moss 84
55%
Clemente, Sanders, Duncan 21
51%
Brodeur, Davis, Curry 30
49%
Olajuwon, Payton, Ryan 34
49%
Durant, Thomas 35
48%
Crosby, Clark, Casper 87
48%
Sanders, Schmidt, Robitaille 20
47%
Youngblood, Gates, Ochocinco 85
46%
Lafleur, Tarkenton, Pele 10
45%
Yzerman, Unitas, Reed 19
44%
Robinson, Worthy, Lott 42
44%
White, Strahan 92
44%
Robertson, Smith, Moon 1
42%
Staubach, Namath, Stockton 12
42%
Lemieux, Nitschke 66
41%
Butkus, Johnson, Suzuki 51
38%
Messier, Thomas, Thompson 11
37%
Gonzalez, Lindros, Irving 88
36%
Paige, Dickerson, Dryden 29
35%
Aaron, West, Riggins 44
35%
Gilmour, Freeney, Randle 93
34%
Russell, Erving, Musial 6
32%
Faulk, Domi, Blyleven 28
30%
Baylor, Smith, Bossy 22
27%
Sayers, Kemp, Zetterberg 40
27%
Bourque, Coffey, Turgeon 77
25%
Johnson, Brown, Harris 32
24%
Maddux, Miller, Joseph 31
21%
Newsome, Berry, Stallworth 82
21%
Csonka, Hasek, Camponella 39
20%
Murphy, Brooks, Hershiser 55
19%
Fisk, Jones, Dierdorf 72
15%
Munoz, Shell, Smith 78
11%
Green, Brown, Jones 75
6%
No matching quizzes found
Score Distribution
Percent of People with Each Score
Percentile by Number Answered
Your Score History
You have not taken this quiz